000 00680nam a2200277Ia 4500
008 171025s9999 xx 000 0 und d
020 _a1561567108
050 _a796.09
050 _bG653 1999
100 _aGoodman, Michael E.
245 _aFamous athletes /
245 _cMichael E. Goodman.
260 _aChicago, Illinois :
260 _bKidsbook, Inc.,
260 _c1999
300 _a29 pages :
300 _bcolored illustrations ;
300 _c24cm.
440 _aEyes on America.
650 _aAthletes --
650 _aAthletes.
650 _aUnited States.
650 _xUnited States -- Biography.
700 _aSeries.
700 _aTitle.
999 _c344852
_d344852